Study of the NCERT grade 7 english textbook in light of NEP 2020 and NCFSE 2023 guidelines/ (Record no. 1434845)

MARC details
000 -LEADER
fixed length control field 00753nam a22002297a 4500
003 - CONTROL NUMBER IDENTIFIER
control field OSt
005 - DATE AND TIME OF LATEST TRANSACTION
control field 20250825145446.0
008 - FIXED-LENGTH DATA ELEMENTS--GENERAL INFORMATION
fixed length control field 250822b |||||||| |||| 00| 0 eng d
037 ## - SOURCE OF ACQUISITION
Terms of availability Dissertation
040 ## - CATALOGING SOURCE
Original cataloging agency FEDL
Language of cataloging eng
Transcribing agency FEDL
041 ## - LANGUAGE CODE
Language code of text/sound track or separate title eng
Language code of original eng
082 ## - DEWEY DECIMAL CLASSIFICATION NUMBER
Classification number 375 BHA/DI
100 ## - MAIN ENTRY--PERSONAL NAME
Personal name Bhawna
9 (RLIN) 519205
110 ## - MAIN ENTRY--CORPORATE NAME
Corporate name or jurisdiction name as entry element University of Delhi. Department of Education
9 (RLIN) 818316
245 ## - TITLE STATEMENT
Title Study of the NCERT grade 7 english textbook in light of NEP 2020 and NCFSE 2023 guidelines/
Statement of responsibility, etc. by Bhawna; Neera Narang. Supervisor
260 ## - PUBLICATION, DISTRIBUTION, ETC.
Name of publisher, distributor, etc. University of Delhi
Date of publication, distribution, etc. 2025
300 ## - PHYSICAL DESCRIPTION
Extent 83p.
650 ## - SUBJECT ADDED ENTRY--TOPICAL TERM
Topical term or geographic name entry element CURRICULUM
700 ## - ADDED ENTRY--PERSONAL NAME
Personal name Narang, Neera. Supervisor
9 (RLIN) 818526
942 ## - ADDED ENTRY ELEMENTS (KOHA)
Source of classification or shelving scheme Dewey Decimal Classification
Koha item type Dissertations
Classification part 375 BHA/DI
Suppress in OPAC No
Holdings
Withdrawn status Lost status Source of classification or shelving scheme Damaged status Not for loan Collection Home library Current library Date acquired Total Checkouts Full call number Barcode Date last seen Price effective from Koha item type
    Dewey Decimal Classification     Reference Department of Education Library Department of Education Library 2025-08-22   375 BHA/DI EL0094397 2025-08-22 2025-08-22 Dissertations
Copyright @ Delhi University Library System